[Event "11th Arad Open 2018"]
[Site "Arad"]
[Date "2018.08.12"]
[Round "9"]
[White "Antal, Gergely"]
[Black "Baratosi, Daniel"]
[Result "0-1"]
[WhiteElo "2549"]
[BlackElo "2371"]
[Annotator "ChessBase"]
[PlyCount "82"]
[EventDate "2018.08.05"]
[EventType "swiss"]
[EventCountry "ROU"]
[SourceTitle "playchess.com"]
[Source "ChessBase"]
[SourceQuality "1"]
[TimeControl "40/5400+30:1800+30"]

1. e4 {[%emt 0:00:00]} b6 {[%emt 0:05:42]} 2. d4 {[%emt 0:00:12]} Bb7 {[%emt 0:00:07]} 3. Nc3 {[%emt 0:00:35]} e6 {[%emt 0:00:29]} 4. a3 {[%emt 0:06:36]} g6 {[%emt 0:08:53]} 5. h4 {[%emt 0:00:33]} h6 {[%emt 0:05:27]} 6. Be3 {[%emt 0:03:39]} Bg7 {[%emt 0:02:01]} 7. Qd2 {[%emt 0:00:54]} d6 {[%emt 0:06:59]} 8. Nge2 {[%emt 0:17:18]} Nd7 {[%emt 0:02:09]} 9. h5 {[%emt 0:10:00]} g5 {[%emt 0:00:25]} 10. d5 {[%emt 0:00:25]} exd5 {[%emt 0:11:41]} 11. exd5 {[%emt 0:01:22]} Ne7 {[%emt 0:00:05]} 12. Bd4 {[%emt 0:03:42]} Ne5 {[%emt 0:05:35]} 13. f4 {[%emt 0:02:47]} gxf4 {[%emt 0:00:07]} 14. Nxf4 {[%emt 0:00:08]} a6 {[%emt 0:01:20]} 15. Be2 {[%emt 0:03:55]} Qd7 {[%emt 0:07:56]} 16. O-O-O {[%emt 0:02:37]} O-O-O {[%emt 0:00:20]} 17. g4 {[%emt 0:05:14]} Rhg8 {[%emt 0:07:47]} 18. Rhg1 {[%emt 0:00:14]} Kb8 {[%emt 0:01:16]} 19. Kb1 {[%emt 0:01:48]} Bf6 {[%emt 0:08:33]} 20. Ne4 {[%emt 0:03:40]} Bh8 {[%emt 0:00:27]} 21. c4 {[%emt 0:04:41]} c5 {[%emt 0:04:58]} 22. Bc3 {[%emt 0:08:33]} Qa4 {[%emt 0:01:49]} 23. Rde1 {[%emt 0:05:32]} Bc8 {[%emt 0:12:14]} 24. Ka1 {[%emt 0:07:47]} f5 {[%emt 0:03:34]} 25. Bd1 {[%emt 0:04:30]} Qd7 {[%emt 0:00:04]} 26. gxf5 {[%emt 0:00:10]} Rxg1 {[%emt 0:00:40]} 27. Rxg1 {[%emt 0:00:02]} Qxf5 {[%emt 0:00:37]} 28. Ng3 {[%emt 0:00:38]} Qg5 {[%emt 0:00:46]} 29. Ne6 {[%emt 0:01:23]} Qxd2 {[%emt 0:00:24]} 30. Bxd2 {[%emt 0:00:02]} Rg8 {[%emt 0:00:24]} 31. Bb3 {[%emt 0:03:47]} Nf3 {[%emt 0:01:19]} 32. Bf4 {[%emt 0:01:15]} Nxg1 {[%emt 0:00:16]} 33. Bxd6+ {[%emt 0:00:01]} Ka7 {[%emt 0:00:40]} 34. Ba4 {[%emt 0:01:59]} Nf3 {[%emt 0:00:46]} 35. Ne4 {[%emt 0:00:35]} Rg1+ {[%emt 0:00:19]} 36. Ka2 {[%emt 0:00:01]} Nf5 {[%emt 0:00:38]} 37. Bf4 {[%emt 0:00:27]} Rg2 {[%emt 0:00:08]} 38. Bc1 {[%emt 0:00:07]} N3d4 {[%emt 0:01:17]} 39. Nd8 {[%emt 0:00:28]} Ne2 {[%emt 0:00:29]} 40. Bd2 {[%emt 0:00:00]} Neg3 {[%emt 0:00:00]} 41. Nc6+ {[%emt 0:16:47]} Ka8 {[%emt 0:16:08]} 0-1

[Event "11th Arad Open 2018"]
[Site "Arad"]
[Date "2018.08.12"]
[Round "9"]
[White "Georgescu, Tiberiu-Marian"]
[Black "Velickovic, Sasa"]
[Result "1-0"]
[WhiteElo "2495"]
[BlackElo "2290"]
[Annotator "ChessBase"]
[PlyCount "177"]
[EventDate "2018.08.05"]
[EventType "swiss"]
[EventCountry "ROU"]
[SourceTitle "playchess.com"]
[Source "ChessBase"]
[SourceQuality "1"]
[TimeControl "40/5400+30:1800+30"]

1. d4 {[%emt 0:00:00]} Nf6 {[%emt 0:00:00]} 2. c4 {[%emt 0:00:05]} c5 {[%emt 0:00:00]} 3. d5 {[%emt 0:00:08]} e6 {[%emt 0:00:00]} 4. Nc3 {[%emt 0:00:09]} exd5 {[%emt 0:00:00]} 5. cxd5 {[%emt 0:00:05]} d6 {[%emt 0:00:00]} 6. Nf3 {[%emt 0:00:13]} g6 {[%emt 0:00:00]} 7. Bf4 {[%emt 0:00:13]} Bg7 {[%emt 0:04:36]} 8. Qa4+ {[%emt 0:00:22]} Bd7 {[%emt 0:00:08]} 9. Qb3 {[%emt 0:00:03]} Qc7 {[%emt 0:00:04]} 10. e4 {[%emt 0:01:30]} O-O {[%emt 0:00:52]} 11. Nd2 {[%emt 0:01:49]} Nh5 {[%emt 0:00:49]} 12. Be3 {[%emt 0:00:25]} f5 {[%emt 0:00:07]} 13. exf5 {[%emt 0:00:54]} gxf5 {[%emt 0:01:15]} 14. Be2 {[%emt 0:02:08]} f4 {[%emt 0:00:06]} 15. Bxc5 {[%emt 0:01:13]} Qxc5 {[%emt 0:55:59]} 16. Bxh5 {[%emt 0:05:24]} Bf5 {[%emt 0:07:33]} 17. O-O {[%emt 0:03:25]} Nd7 {[%emt 0:00:57]} 18. Nde4 {[%emt 0:14:11]} Bxe4 {[%emt 0:01:55]} 19. Nxe4 {[%emt 0:00:26]} Qd4 {[%emt 0:11:03]} 20. Rfe1 {[%emt 0:04:27]} Qxb2 {[%emt 0:07:37]} 21. Qxb2 {[%emt 0:00:20]} Bxb2 {[%emt 0:00:02]} 22. Rab1 {[%emt 0:00:16]} Be5 {[%emt 0:00:07]} 23. Rxb7 {[%emt 0:06:58]} Nf6 {[%emt 0:00:29]} 24. Nxf6+ {[%emt 0:00:19]} Rxf6 {[%emt 0:00:06]} 25. Rc1 {[%emt 0:19:24]} Rff8 {[%emt 0:00:36]} 26. Rcc7 {[%emt 0:03:34]} Rfc8 {[%emt 0:00:14]} 27. Rxa7 {[%emt 0:05:27]} Rxa7 {[%emt 0:00:10]} 28. Rxc8+ {[%emt 0:00:06]} Kg7 {[%emt 0:00:03]} 29. Rc2 {[%emt 0:00:17]} Kh6 {[%emt 0:00:08]} 30. Bf3 {[%emt 0:00:21]} Kg5 {[%emt 0:00:09]} 31. g3 {[%emt 0:02:14]} Ra3 {[%emt 0:00:17]} 32. Kg2 {[%emt 0:03:03]} h6 {[%emt 0:00:18]} 33. Be2 {[%emt 0:06:07]} h5 {[%emt 0:00:50]} 34. Bc4 {[%emt 0:09:28]} h4 {[%emt 0:01:12]} 35. Bb3 {[%emt 0:02:46]} hxg3 {[%emt 0:00:27]} 36. hxg3 {[%emt 0:00:21]} fxg3 {[%emt 0:00:05]} 37. fxg3 {[%emt 0:00:04]} Ra7 {[%emt 0:00:16]} 38. Rc4 {[%emt 0:03:18]} Rg7 {[%emt 0:00:39]} 39. a4 {[%emt 0:03:44]} Kf6 {[%emt 0:00:15]} 40. g4 {[%emt 0:00:00]} Ra7 {[%emt 0:00:00]} 41. Rb4 {[%emt 0:19:57]} Bc3 {[%emt 0:19:32]} 42. Rf4+ {[%emt 0:00:17]} Kg7 {[%emt 0:00:57]} 43. Kf3 {[%emt 0:03:30]} Rb7 {[%emt 0:03:57]} 44. Bc2 {[%emt 0:00:17]} Rb2 {[%emt 0:00:26]} 45. Bf5 {[%emt 0:00:32]} Be5 {[%emt 0:01:08]} 46. Rc4 {[%emt 0:01:05]} Rb3+ {[%emt 0:01:02]} 47. Ke2 {[%emt 0:00:24]} Kf6 {[%emt 0:00:14]} 48. Bd7 {[%emt 0:00:56]} Ra3 {[%emt 0:00:13]} 49. Kd2 {[%emt 0:01:26]} Ke7 {[%emt 0:00:07]} 50. Bf5 {[%emt 0:00:17]} Kf6 {[%emt 0:00:04]} 51. Kc2 {[%emt 0:00:24]} Kg5 {[%emt 0:00:27]} 52. Bd7 {[%emt 0:00:08]} Kf6 {[%emt 0:00:40]} 53. Rb4 {[%emt 0:00:24]} Rc3+ {[%emt 0:00:53]} 54. Kd2 {[%emt 0:00:28]} Ra3 {[%emt 0:00:06]} 55. Ke2 {[%emt 0:03:55]} Ke7 {[%emt 0:00:13]} 56. Bc8 {[%emt 0:01:17]} Kf6 {[%emt 0:00:05]} 57. Rc4 {[%emt 0:00:24]} Kg5 {[%emt 0:00:08]} 58. Bd7 {[%emt 0:00:45]} Kf6 {[%emt 0:00:08]} 59. Rc8 {[%emt 0:01:07]} Ke7 {[%emt 0:00:47]} 60. Bb5 {[%emt 0:02:17]} Kf6 {[%emt 0:01:20]} 61. Rf8+ {[%emt 0:00:43]} Kg5 {[%emt 0:02:13]} 62. Bd7 {[%emt 0:00:07]} Bf6 {[%emt 0:01:39]} 63. Kd2 {[%emt 0:00:39]} Bc3+ {[%emt 0:02:40]} 64. Kc2 {[%emt 0:00:54]} Bf6 {[%emt 0:00:05]} 65. Rb8 {[%emt 0:03:07]} Rc3+ {[%emt 0:00:07]} 66. Kb1 {[%emt 0:01:22]} Ra3 {[%emt 0:00:08]} 67. Rb4 {[%emt 0:00:19]} Be5 {[%emt 0:00:43]} 68. Bb5 {[%emt 0:00:29]} Kh4 {[%emt 0:01:10]} 69. Be2 {[%emt 0:00:27]} Ra1+ {[%emt 0:00:59]} 70. Kc2 {[%emt 0:00:02]} Ra2+ {[%emt 0:00:05]} 71. Kd3 {[%emt 0:00:23]} Kg5 {[%emt 0:00:12]} 72. Bd1 {[%emt 0:00:25]} Bf4 {[%emt 0:01:17]} 73. Kc4 {[%emt 0:00:12]} Rd2 {[%emt 0:00:02]} 74. Rb1 {[%emt 0:00:22]} Be3 {[%emt 0:00:44]} 75. Bb3 {[%emt 0:00:40]} Kxg4 {[%emt 0:05:57]} 76. a5 {[%emt 0:00:10]} Kf4 {[%emt 0:00:59]} 77. a6 {[%emt 0:00:35]} Rd4+ {[%emt 0:00:18]} 78. Kb5 {[%emt 0:00:18]} Rd3 {[%emt 0:00:03]} 79. Kc6 {[%emt 0:01:09]} Ke5 {[%emt 0:00:08]} 80. Kb7 {[%emt 0:00:17]} Bc5 {[%emt 0:00:50]} 81. a7 {[%emt 0:01:37]} Bxa7 {[%emt 0:00:06]} 82. Kxa7 {[%emt 0:00:01]} Rxb3 {[%emt 0:00:06]} 83. Rxb3 {[%emt 0:00:01]} Kxd5 {[%emt 0:00:05]} 84. Rb1 {[%emt 0:01:23]} Kc4 {[%emt 0:00:55]} 85. Rc1+ {[%emt 0:00:04]} Kb4 {[%emt 0:00:10]} 86. Kb6 {[%emt 0:00:43]} d5 {[%emt 0:00:04]} 87. Kc6 {[%emt 0:00:04]} d4 {[%emt 0:00:00]} 88. Kd5 {[%emt 0:00:06]} d3 {[%emt 0:00:05]} 89. Ke4 1-0

[Event "11th Arad Open 2018"]
[Site "Arad"]
[Date "2018.08.12"]
[Round "9"]
[White "Gavrilescu, David"]
[Black "Balla, Tamas-Kristof"]
[Result "1/2-1/2"]
[WhiteElo "2468"]
[BlackElo "2352"]
[Annotator "ChessBase"]
[PlyCount "102"]
[EventDate "2018.08.05"]
[EventType "swiss"]
[EventCountry "ROU"]
[SourceTitle "playchess.com"]
[Source "ChessBase"]
[SourceQuality "1"]
[TimeControl "40/5400+30:1800+30"]

1. e4 {[%emt 0:00:00]} g6 {[%emt 0:13:52]} 2. d4 {[%emt 0:00:24]} Bg7 {[%emt 0:00:07]} 3. Nf3 {[%emt 0:00:55]} d6 {[%emt 0:00:13]} 4. c3 {[%emt 0:00:43]} a6 {[%emt 0:05:37]} 5. Bd3 {[%emt 0:01:09]} Nd7 {[%emt 0:00:11]} 6. O-O {[%emt 0:01:00]} e6 {[%emt 0:00:24]} 7. Re1 {[%emt 0:05:36]} Ne7 {[%emt 0:00:30]} 8. Bf4 {[%emt 0:06:43]} h6 {[%emt 0:01:32]} 9. e5 {[%emt 0:02:20]} d5 {[%emt 0:09:29]} 10. h4 {[%emt 0:14:50]} c5 {[%emt 0:02:00]} 11. Nbd2 {[%emt 0:04:25]} c4 {[%emt 0:02:40]} 12. Bc2 {[%emt 0:05:17]} b5 {[%emt 0:00:38]} 13. b3 {[%emt 0:02:28]} Qc7 {[%emt 0:03:23]} 14. a4 {[%emt 0:06:45]} Bb7 {[%emt 0:01:20]} 15. axb5 {[%emt 0:03:52]} axb5 {[%emt 0:01:02]} 16. bxc4 {[%emt 0:00:18]} bxc4 {[%emt 0:01:20]} 17. Nf1 {[%emt 0:01:33]} Nb6 {[%emt 0:11:16]} 18. N1h2 {[%emt 0:09:54]} Kd7 {[%emt 0:10:18]} 19. Rxa8 {[%emt 0:04:40]} Rxa8 {[%emt 0:02:29]} 20. Ng4 {[%emt 0:01:19]} h5 {[%emt 0:00:58]} 21. Nf6+ {[%emt 0:02:56]} Bxf6 {[%emt 0:04:34]} 22. exf6 {[%emt 0:00:10]} Qxf4 {[%emt 0:00:07]} 23. Ne5+ {[%emt 0:00:45]} Kc7 {[%emt 0:03:31]} 24. fxe7 {[%emt 0:01:25]} Qf6 {[%emt 0:00:17]} 25. e8=N+ {[%emt 0:02:07]} Rxe8 {[%emt 0:00:39]} 26. Qb1 {[%emt 0:01:13]} Qe7 {[%emt 0:03:11]} 27. Qb5 {[%emt 0:01:06]} Ra8 {[%emt 0:01:26]} 28. Rb1 {[%emt 0:04:14]} Ra6 {[%emt 0:00:23]} 29. g3 {[%emt 0:07:53]} Qf8 {[%emt 0:11:50]} 30. Nd7 {[%emt 0:00:44]} Qe8 {[%emt 0:04:05]} 31. Qc5+ {[%emt 0:02:16]} Kxd7 {[%emt 0:00:10]} 32. Rxb6 {[%emt 0:00:02]} Rxb6 {[%emt 0:00:14]} 33. Qxb6 {[%emt 0:00:05]} Qa8 {[%emt 0:01:08]} 34. Ba4+ {[%emt 0:03:00]} Bc6 {[%emt 0:01:35]} 35. Bxc6+ {[%emt 0:00:47]} Qxc6 {[%emt 0:00:07]} 36. Qb8 {[%emt 0:00:29]} Ke7 {[%emt 0:00:17]} 37. Qa7+ {[%emt 0:01:13]} Kf8 {[%emt 0:01:50]} 38. Qb8+ {[%emt 0:00:55]} Kg7 {[%emt 0:00:05]} 39. Qe5+ {[%emt 0:00:45]} Kh7 {[%emt 0:00:25]} 40. Qb8 {[%emt 0:00:00]} Kg7 {[%emt 0:00:00]} 41. Qe5+ {[%emt 0:16:50]} f6 {[%emt 0:17:30]} 42. Qb8 {[%emt 0:00:14]} Qd7 {[%emt 0:00:07]} 43. Kg2 {[%emt 0:03:24]} Qe7 {[%emt 0:00:20]} 44. Qa8 {[%emt 0:08:14]} g5 {[%emt 0:01:10]} 45. hxg5 {[%emt 0:04:13]} fxg5 {[%emt 0:00:13]} 46. Qb8 {[%emt 0:00:45]} Qf6 {[%emt 0:01:02]} 47. Qc7+ {[%emt 0:01:14]} Kh6 {[%emt 0:00:27]} 48. Qb8 {[%emt 0:00:38]} g4 {[%emt 0:00:32]} 49. Qg8 {[%emt 0:00:14]} Qf3+ {[%emt 0:05:03]} 50. Kg1 {[%emt 0:00:14]} Qf5 {[%emt 0:00:10]} 51. Qh8+ {[%emt 0:00:38]} Kg6 {[%emt 0:00:06]} 1/2-1/2

[Event "11th Arad Open 2018"]
[Site "Arad"]
[Date "2018.08.12"]
[Round "9"]
[White "Swayams, Mishra"]
[Black "Tarlev, Konstantin"]
[Result "0-1"]
[WhiteElo "2467"]
[BlackElo "2561"]
[Annotator "TA"]
[PlyCount "143"]
[EventDate "2018.08.05"]
[EventType "swiss"]
[EventCountry "ROU"]
[SourceTitle "playchess.com"]
[Source "ChessBase"]
[SourceQuality "1"]

{[%evp 10,143,23,13,23,29,24,13,13,15,22,0,0,0,0,-1,1,0,7,-11,6,0,6,0,0,0,7,0,7,-5,0,0,-2,-22,-2,-31,-22,-74,-70,-81,-65,-124,-118,-164,-172,-152,-82,-86,-88,-89,-79,-95,-83,-89,-67,-67,-60,-59,-40,-82,-72,-75,-91,-83,-45,-65,0,-91,-39,-42,-46,-38,-27,-39,-20,-78,-41,-89,-84,-89,-89,-89,-89,-89,-89,-89,-89,-89,-97,-96,-94,-93,-98,-127,-133,-191,-193,-183,-131,-125,-129,-125,-79,-93,-88,-103,0,-83,-79,-114,-119,-140,-97,-318,-290,-245,0,-166,-158,-333,-354,-318,-275,-1266,-1272,-1274,-1259,-29977,-29978,-5122,0,-1149,-1096,-5097,-995,-5097]} 1. d4 Nf6 2. Nf3 e6 3. Bf4 c5 4. e3 Qb6 5. Nc3 Nc6 6. a3 {LiveBook: 7 Games. A46: 1 d4 Nf6 2 Nf3 e6: Torre, London and Colle Systems} cxd4 (6... a6 7. Be2 d5 8. O-O cxd4 9. exd4 Be7 10. Re1 O-O 11. Bd3 Bd7 {0-1 (51) Ponomariov,R (2744)-Svidler,P (2722) Moscow 2010}) 7. exd4 Be7 8. b4 $146 {White has an edge.} ({Predecessor:} 8. Be2 O-O 9. O-O d5 10. Nb5 Ne8 11. c4 dxc4 12. Bxc4 {1-0 (47) Manea,A (2414)-Rivalin,K (2074) Avoine 2017}) 8... O-O 9. Bd3 d5 10. h3 Qd8 11. O-O b6 12. Ne2 Bb7 13. Ng3 Bd6 14. Qd2 Re8 15. Rfe1 Rc8 16. c3 Bxf4 17. Qxf4 Rc7 18. Rac1 Ne7 {[%cal Bc6e7,Be7c8,Bc8d6,Bd6c4][%mdl 32]} 19. h4 Nc8 20. Ne5 Nd6 21. Re3 Nfe4 22. Bxe4 dxe4 23. Ree1 (23. c4 $1 $11) 23... f6 {[%cal Bf7f6,Bf6f5][%mdl 32]} 24. Ng4 Nc4 25. Ra1 (25. a4 $15) 25... Qd6 $17 26. Qc1 f5 27. Ne3 Rec8 ({Black should play} 27... Rf8 28. Nxc4 Rxc4) 28. Nxc4 Rxc4 29. Ne2 Rf8 (29... Bd5 {is more complex.} 30. Qe3 h6 31. h5 Qc7 32. Rec1 e5) 30. Qf4 Qxf4 31. Nxf4 Kf7 32. Re3 Rfc8 33. Ne2 Kf6 34. Kf1 Ba6 {Threatens to win with ...Rxc3.} 35. Ke1 R4c7 {White must now prevent ...Bxe2.} 36. Rc1 Rd7 37. Rd1 Rdc7 38. Rc1 e5 (38... Bxe2 $17 39. Kxe2 e5 40. dxe5+ Kxe5) 39. dxe5+ Kxe5 40. g3 Bxe2 (40... Rd7 {seems wilder.} 41. Nd4 Kf6 42. Rd1 Bd3 43. Kd2 a5) 41. Kxe2 $15 {[%mdl 4096] Endgame KRR-KRR} g6 42. Rc2 (42. f3 $11 {remains equal.}) 42... Kd5 43. Rd2+ {[#]} Kc4 $1 44. Rd4+ Kb5 45. Kd2 Ka4 46. Kc2 Kxa3 47. b5 {[#] aiming for c4+.} Rc4 $1 {[%cal Rc4d4]} 48. Rxc4 Rxc4 $17 {KR-KR} 49. Re1 {[%cal Re1a1]} Ka2 50. Rd1 {Hoping for Rd4.} Rc7 51. Rd4 {[%cal Rd4a4]} Ka3 52. Rb4 (52. h5 $17) 52... Rd7 $19 53. Rc4 Re7 (53... h5 $19 54. Rc6 Rd3 55. Rxg6 Rf3) 54. Rd4 Rf7 55. Rb4 h6 {[%cal Bh7h6,Bh6h5][%mdl 32]} 56. Rd4 Rf6 57. Rc4 Rf7 (57... Rd6 $17 58. Rc7 Ka4) 58. Rc6 (58. Rd4 $1 $11 {keeps the balance.}) 58... Rg7 59. Rc4 h5 60. Rd4 Rf7 61. Rb4 $2 (61. Rd6 $17 {was necessary.}) 61... Rd7 62. Rc4 Rg7 $2 ({Black should try} 62... Rd3 $19 {Strongly threatening ...Rf3.} 63. Rc7 Ka4 64. Rxa7+ Kxb5) 63. Rb4 $2 (63. Rd4 $1 $11 {and White has nothing to worry.}) 63... Re7 64. Rd4 $2 (64. Kd2 $17) 64... e3 65. fxe3 Rxe3 66. Rd3 $2 (66. Rd7 Ka4 67. Rxa7+ Kxb5 68. Rc7) 66... Rxd3 67. Kxd3 {KP-KP} Ka4 68. Kc4 Ka5 69. Kd4 Ka4 $2 (69... Kxb5 $19 70. Ke3 Kc4) 70. c4 $2 {[%mdl 8192]} (70. Kc4 $11 Ka5 71. Kd3 Kxb5 72. Kd4) 70... Kb3 71. Kd5 Kc2 (71... Kc3 $142 72. c5 bxc5 73. Kxc5 Kb3) 72. Kd4 {Precision: White = 33%, Black = 57%.} 0-1

[Event "11th Arad Open 2018"]
[Site "Arad"]
[Date "2018.08.12"]
[Round "9"]
[White "Miron, Lucian-Costin"]
[Black "Ileana, George"]
[Result "1/2-1/2"]
[WhiteElo "2460"]
[BlackElo "2324"]
[Annotator "TA"]
[PlyCount "37"]
[EventDate "2018.08.05"]
[EventType "swiss"]
[EventCountry "ROU"]
[SourceTitle "playchess.com"]
[Source "ChessBase"]
[SourceQuality "1"]

{[%evp 16,37,28,17,27,8,14,10,24,7,24,12,28,0,0,0,0,-20,0,-28,-33,-22,-10,-7]} 1. Nf3 Nf6 2. c4 c6 3. d4 d5 4. Nc3 a6 5. e3 Bf5 6. Bd3 {D15: Slav Defence: 4 Nc3 a6 and gambit lines after 4 Nc3 dxc4} (6. Qb3 b5 7. c5 a5 8. Be2 g6 9. O-O Bg7 10. Bd2 O-O 11. a3 Nbd7 12. Rfc1 Ne4 13. Qd1 Nxd2 14. Qxd2 {½-½ (56) Mamedyarov,S (2799)-Andreikin,D (2712) Huaian 2017}) 6... Bxd3 7. Qxd3 e6 8. O-O Nbd7 9. b3 {LiveBook: 8 Games} Bd6 10. Bb2 O-O 11. Rfd1 $146 ({Predecessor:} 11. Rac1 Qe7 12. e4 dxe4 13. Nxe4 Nxe4 14. Qxe4 {½-½ (59) Pfreundt,J (2288)-Hebbinghaus,H (2251) Germany 2017}) 11... Rc8 12. Rac1 Qe7 13. Qe2 Rfd8 14. Ne1 dxc4 15. bxc4 e5 16. Nf3 exd4 17. exd4 Qxe2 18. Nxe2 Re8 19. Rc2 1/2-1/2

[Event "11th Arad Open 2018"]
[Site "Arad"]
[Date "2018.08.12"]
[Round "9"]
[White "Costachi, Mihnea"]
[Black "Deepan Chakkravarthy J."]
[Result "1/2-1/2"]
[WhiteElo "2453"]
[BlackElo "2530"]
[Annotator "ChessBase"]
[PlyCount "60"]
[EventDate "2018.08.05"]
[EventType "swiss"]
[EventCountry "ROU"]
[SourceTitle "playchess.com"]
[Source "ChessBase"]
[SourceQuality "1"]
[TimeControl "40/5400+30:1800+30"]

1. d4 {[%emt 0:00:00]} Nf6 {[%emt 0:06:28]} 2. Nf3 {[%emt 0:00:16]} e6 {[%emt 0:05:03]} 3. c4 {[%emt 0:00:04]} Bb4+ {[%emt 0:01:17]} 4. Bd2 {[%emt 0:00:52]} c5 {[%emt 0:00:08]} 5. Bxb4 {[%emt 0:01:35]} cxb4 {[%emt 0:00:16]} 6. g3 {[%emt 0:00:17]} O-O {[%emt 0:01:18]} 7. Bg2 {[%emt 0:00:53]} d6 {[%emt 0:02:47]} 8. a3 {[%emt 0:11:11]} bxa3 {[%emt 0:04:45]} 9. Nxa3 {[%emt 0:08:32]} Nc6 {[%emt 0:00:28]} 10. O-O {[%emt 0:00:08]} e5 {[%emt 0:03:12]} 11. dxe5 {[%emt 0:10:43]} dxe5 {[%emt 0:00:07]} 12. Qxd8 {[%emt 0:05:08]} Rxd8 {[%emt 0:00:25]} 13. Nb5 {[%emt 0:09:15]} Bg4 {[%emt 0:19:42]} 14. h3 {[%emt 0:04:33]} Bxf3 {[%emt 0:05:40]} 15. Bxf3 {[%emt 0:00:03]} e4 {[%emt 0:00:06]} 16. Bg2 {[%emt 0:00:02]} Rd2 {[%emt 0:00:08]} 17. Rfd1 {[%emt 0:00:18]} Rxb2 {[%emt 0:11:57]} 18. Nxa7 {[%emt 0:00:56]} h5 {[%emt 0:00:15]} 19. Nxc6 {[%emt 0:01:50]} Rxa1 {[%emt 0:00:05]} 20. Rxa1 {[%emt 0:01:02]} bxc6 {[%emt 0:00:08]} 21. g4 {[%emt 0:04:47]} hxg4 {[%emt 0:10:05]} 22. hxg4 {[%emt 0:00:03]} Rxe2 {[%emt 0:03:36]} 23. Kf1 {[%emt 0:01:44]} Rb2 {[%emt 0:00:04]} 24. g5 {[%emt 0:01:31]} Ng4 {[%emt 0:00:06]} 25. Ra8+ {[%emt 0:10:46]} Kh7 {[%emt 0:00:02]} 26. Bxe4+ {[%emt 0:00:09]} g6 {[%emt 0:00:01]} 27. f3 {[%emt 0:01:08]} Ne3+ {[%emt 0:07:07]} 28. Ke1 {[%emt 0:00:03]} Nxc4 {[%emt 0:00:18]} 29. Bxc6 {[%emt 0:00:09]} Kg7 {[%emt 0:08:36]} 30. Ra7 {[%emt 0:05:54]} Ne5 {[%emt 0:03:08]} 1/2-1/2

[Event "11th Arad Open 2018"]
[Site "Arad"]
[Date "2018.08.12"]
[Round "9"]
[White "Womacka, Mathias"]
[Black "Yordanov, Lachezar"]
[Result "1-0"]
[WhiteElo "2450"]
[BlackElo "2314"]
[Annotator "ChessBase"]
[PlyCount "89"]
[EventDate "2018.08.05"]
[EventType "swiss"]
[EventCountry "ROU"]
[SourceTitle "playchess.com"]
[Source "ChessBase"]
[SourceQuality "1"]
[TimeControl "40/5400+30:1800+30"]

1. e4 {[%emt 0:00:00]} c6 {[%emt 0:00:00]} 2. d4 {[%emt 0:00:00]} d5 {[%emt 0:00:00]} 3. Nd2 {[%emt 0:00:00]} dxe4 {[%emt 0:00:00]} 4. Nxe4 {[%emt 0:00:00]} Bf5 {[%emt 0:00:00]} 5. Ng3 {[%emt 0:00:00]} Bg6 {[%emt 0:00:01]} 6. h4 {[%emt 0:00:20]} h6 {[%emt 0:00:06]} 7. Nf3 {[%emt 0:00:04]} Nd7 {[%emt 0:00:04]} 8. h5 {[%emt 0:00:19]} Bh7 {[%emt 0:00:05]} 9. Bd3 {[%emt 0:00:10]} Bxd3 {[%emt 0:00:06]} 10. Qxd3 {[%emt 0:00:04]} e6 {[%emt 0:00:12]} 11. Bd2 {[%emt 0:00:25]} Ngf6 {[%emt 0:00:06]} 12. O-O-O {[%emt 0:00:18]} Be7 {[%emt 0:00:06]} 13. Kb1 {[%emt 0:00:11]} O-O {[%emt 0:00:44]} 14. Ne4 {[%emt 0:00:20]} Nxe4 {[%emt 0:00:15]} 15. Qxe4 {[%emt 0:00:07]} Nf6 {[%emt 0:00:05]} 16. Qe2 {[%emt 0:00:10]} Qd5 {[%emt 0:00:09]} 17. Ne5 {[%emt 0:01:10]} Qe4 {[%emt 0:01:39]} 18. Be3 {[%emt 0:01:00]} Nd5 {[%emt 0:01:07]} 19. Rhe1 {[%emt 0:01:50]} Nxe3 {[%emt 0:02:04]} 20. Qxe3 {[%emt 0:00:45]} Qxe3 {[%emt 0:00:09]} 21. Rxe3 {[%emt 0:00:04]} Rfd8 {[%emt 0:01:22]} 22. Red3 {[%emt 0:12:03]} Rd6 {[%emt 0:03:11]} 23. c3 {[%emt 0:26:46]} Rad8 {[%emt 0:02:37]} 24. Kc2 {[%emt 0:01:22]} Bf6 {[%emt 0:03:46]} 25. f4 {[%emt 0:01:28]} Kf8 {[%emt 0:02:55]} 26. b4 {[%emt 0:06:32]} Ke7 {[%emt 0:03:37]} 27. a4 {[%emt 0:05:39]} Rg8 {[%emt 0:02:10]} 28. Rb1 {[%emt 0:11:22]} Bxe5 {[%emt 0:01:41]} 29. fxe5 {[%emt 0:00:31]} Rdd8 {[%emt 0:00:56]} 30. b5 {[%emt 0:02:26]} g6 {[%emt 0:00:15]} 31. bxc6 {[%emt 0:01:18]} bxc6 {[%emt 0:00:01]} 32. Rg3 {[%emt 0:07:07]} Rd7 {[%emt 0:01:35]} 33. Rf1 {[%emt 0:05:45]} g5 {[%emt 0:01:47]} 34. Rgf3 {[%emt 0:00:48]} Rg7 {[%emt 0:00:06]} 35. Rf6 {[%emt 0:03:29]} Rh7 {[%emt 0:00:01]} 36. Rb1 {[%emt 0:00:58]} Rh8 {[%emt 0:01:22]} 37. a5 {[%emt 0:08:14]} c5 {[%emt 0:03:05]} 38. dxc5 {[%emt 0:00:08]} Rc8 {[%emt 0:00:05]} 39. Rbf1 {[%emt 0:00:13]} Ke8 {[%emt 0:00:38]} 40. Rxh6 {[%emt 0:00:00]} Rxc5 {[%emt 0:00:00]} 41. Rh8+ Ke7 42. h6 {[%emt 0:17:58]} Rdc7 {[%emt 0:15:11]} 43. h7 {[%emt 0:08:04]} Rxc3+ {[%emt 0:00:08]} 44. Kb2 {[%emt 0:00:04]} R3c5 {[%emt 0:10:57]} 45. Rb8 1-0